00878nam a2200265 i 4500001000300000100002500003245010000028260002700128300002100155504003600176650003200212650003400244650002800278710003600306020001500342040000800357041000700365080001000372920001800382942000700400008004100407999001700448856009800465952004900563bg1 aNAGAEV, Aleksandr V.10aLimit theorems under testing hypotheses /cAleksander Nagaev ; Uniwersytet Mikołaja Kopernika. aToruń :bUMK,c1996. a148 s. ;c24 cm. aBibliogr. s. 143-144. - Indeks. 9aModele matematycznexteoria 9aRachunek prawdopodobieństwa 9aStatystyka matematyczna 0aUniwersytet Mikołaja Kopernika a8323107890 cBPK0 aen a519.2 a83-231-0789-0 cKS s pl f |000 0 pol  c34193d34193 uhttp://koha.tu.koszalin.pl/cgi-bin/koha/opac-detail.pl?biblionumber=34193yKatalog online BPK 00104070aBPKbBPKcwo46871p01381603yKS